Guess the One Piece ships - Statistics

General Stats
  • This quiz has been taken 35 times
  • The average score is 14 of 54
Answer Stats
Picture Answer % Correct
Thousand Sunny
100%
Baratie
93%
Flying Dutchman
72%
Going Merry
69%
Polar Tang
66%
Thriller Bark
62%
Bezan Black
55%
Moby Dick
52%
Sexy Foxy
52%
Oro Jackson
48%
Mini Merry II
45%
Red Force
45%
Saber of Xebec
41%
Waver
38%
Big Top
34%
Maxim
31%
Miss Love Duck
31%
Queen Mama Chanter
28%
Victoria Punk
28%
Flying Gas Balloon
21%
Nostra Castello
21%
Shark Submerge III
21%
Takoyaki 8
21%
Numancia Flamingo
17%
Piece of Spadille
17%
Striker
17%
Yonta Maria
17%
Jewelry Margherita
14%
Mammoth
14%
Perfume Yuda
14%
Big Top Blaster
10%
Dreadnaught Sabre
10%
Going Luffy-sempai
10%
Grudge Dolph
10%
Hanjomaru
10%
Hitsugibune
10%
Leap Out Jewelry
10%
Shark Superb
10%
Bliking
7%
Liberal Hind
7%
New Witch's Tongue
7%
Ryugu
7%
Sleeping White Horse of the Forest
7%
Snapper Head
7%
Swanda Express
7%
Utan Sonar
7%
Victory Hunter
7%
Wind Granma
7%
Full
3%
Happosai
3%
Island Ship
3%
Northheim
3%
Shiro Mokuba I
3%
Stay Tune
3%
No matching quizzes found
Score Distribution
Percent of People with Each Score
Percentile by Number Answered
Your Score History
You have not taken this quiz